40 Hadiths relating to islamic finance (Record no. 4001)

MARC details
000 -LEADER
fixed length control field 00410nam a22001457a 4500
008 - FIXED-LENGTH DATA ELEMENTS--GENERAL INFORMATION
fixed length control field 250630b |||||||| |||| 00| 0 eng d
020 ## - INTERNATIONAL STANDARD BOOK NUMBER
ISBN 9786035012782
100 ## - MAIN ENTRY--AUTHOR
Author Drew Abdulshaheed
245 ## - TITLE STATEMENT
Title 40 Hadiths relating to islamic finance
260 ## - PUBLICATION, DISTRIBUTION, ETC. (IMPRINT)
Place of publication Riyadh
Name of publisher international islamic publishing house
Date of publication 2018
300 ## - COLLATION
Pagination v, 200p.
Other physical details ill.
650 ## - TRACINGS
Main Subject Islamic finance
942 ## - ADDED ENTRY ELEMENTS (KOHA)
Item type Books
050 ## - LIBRARY OF CONGRESS CALL NUMBER
Classification number HG3290.5.A6
Item number .D74
Holdings
Source of classification or shelving scheme Not for loan Permanent location Current location Date acquired Accession No. Full call number Barcode. Koha item type
Library of Congress Classification   Samuel Ogbemudia Main Library, University of Abuja Samuel Ogbemudia Main Library, University of Abuja 06/30/2025 2025/65082 HG3290.5.A6.D74 2025-2710 Books